00879nam a22002297a 450000500170000001000130001702000230003003500130005303700160006604000120008208200320009410000350012624500670016124600390022826000780026727001080034530000530045365000510050665000460055765000250060365000210062820170124103042.0 aA-910553 c175.00a8171451330 aA-910553 bCen Lib/Ret aDPLbHN aउ bमित्रवि aमित्र, विमल  aहमशक्ल कौन? /cविमल मित्र  aHumshakal kaun? /bby Vimal Mitra  aदिल्ली bसन्मार्ग प्रकाशनc1998 a16, यू.बी.बैंगलो रोड, जवाहर नगर bदिल्ली e110007 a208पृ.c20सेमी(सजिल्द )  aहिंदी साहित्य x z  aहिंदी -- उपन्यास  aHindi literaturev  aHindi -- Fiction